{"text_format":"1","workbook":"xlsx","n_sheets":1,"sheets":["inv_madera_abril_2022"],"not_rendered":{"charts":0,"images":2,"macros":0,"external_links":0,"defined_names":1,"comments":0,"pivot_tables":0},"unopened":[],"bounds":{"document_bytes":16777216,"sheet_cells":100000,"rows_first":2000,"rows_last":500,"rows_between":2000,"halvings":0,"cell_chars":16384,"cell_head_chars":4096},"cells_cut":0,"cells_raw":0,"read":"whole","date_system":"1900"}

{"sheet":"inv_madera_abril_2022","index":0,"n_rows":81,"n_cols":8,"rows_kept":81,"cut":false,"hidden":false,"merged":[[80,0,80,6],[70,6,74,6],[70,7,74,7],[37,6,41,6],[37,7,41,7],[37,1,41,1],[37,2,41,2],[37,3,41,3],[37,4,41,4],[66,0,66,7],[67,0,67,7],[70,0,74,0],[70,1,74,1],[70,2,74,2],[70,3,74,3],[1,0,1,7],[2,0,2,7],[3,0,3,7],[33,0,33,7],[34,0,34,7],[5,6,9,6],[5,7,9,7],[5,0,9,0],[5,1,9,1],[5,2,9,2],[5,3,9,3],[5,4,9,4],[15,0,15,6],[5,5,9,5],[35,0,35,7],[37,0,41,0],[70,4,74,4],[70,5,74,5],[68,0,68,7],[37,5,41,5],[47,0,47,6]]}
[]
["INSTITUTO DEL TABACO DE LA REPÚBLICA DOMINICANA"]
["INVENTARIO DE MADERA"]
["MES DE JULIO 2022"]
[]
["Fecha de adquisición y/o registro","Artículo","Código instritucional","Descripción artículo","Existencia","Unidad","Costo","Valor"]
[]
[]
[]
[]
["2021-12-28","MADERA ( 3 )","ESTA","ESTANTE DE 13 P. MAD. DURA",21,"UND",406.58375999999998,{"$f":"+G11*E11","v":8538.2589599999992}]
["2018-01-22","MADERA ( 3 )","F1X3X12","FAJILLAS 1X3X12",957.33,"DOCENA",2400,{"$f":"+G12*E12","v":2297592}]
["2021-12-28","MADERA ( 3 )","VARFIN-ASC","VARAS FINA DE ASCASIA",15,"DOCENA",1740,26100]
["2022-01-31","MADERA ( 3 )","ZA 29","ZINC ACANALADO C.29 12P",339,"UND",975,330525]
["2022-05-31","OTROS ( 5 )","VA20P","VARAS DE ACACIA 20P",26696,"UND",200,5339200]
["TOTAL",null,null,null,null,null,null,{"$f":"SUM(H11:H15)","v":8001955.2589599993}]
[]
[]
[]
[]
[]
[]
[]
[]
[]
[]
[]
[]
[]
[]
[]
[]
[]
["INSTITUTO DEL TABACO DE LA REPÚBLICA DOMINICANA"]
["INVENTARIO DE MADERA"]
["MES DE AGOSTO 2022"]
[]
["Fecha de adquisición y/o registro","Artículo","Código instritucional","Descripción artículo","Existencia","Unidad","Costo","Valor"]
[]
[]
[]
[]
["2021-12-28","MADERA ( 3 )","ESTA","ESTANTE DE 13 P. MAD. DURA",21,"UND",406.58375999999998,{"$f":"+G43*E43","v":8538.2589599999992}]
["2018-01-22","MADERA ( 3 )","F1X3X12","FAJILLAS 1X3X12",957.33,"DOCENA",2400,{"$f":"+G44*E44","v":2297592}]
["2021-12-28","MADERA ( 3 )","VARFIN-ASC","VARAS FINA DE ASCASIA",15,"DOCENA",1740,26100]
["2022-01-31","MADERA ( 3 )","ZA 29","ZINC ACANALADO C.29 12P",339,"UND",975,330525]
["2022-05-31","OTROS ( 5 )","VA20P","VARAS DE ACACIA 20P",24134,"UND",200,4826800]
["TOTAL",null,null,null,null,null,null,{"$f":"SUM(H43:H47)","v":7489555.2589599993}]
[]
[]
[]
[]
[]
[]
[]
[]
[]
[]
[]
[]
[]
[]
[]
[]
[]
[]
["INSTITUTO DEL TABACO DE LA REPÚBLICA DOMINICANA"]
["INVENTARIO DE MADERA"]
["MES DE SEPTIEMBRE 2022"]
[]
["Fecha de adquisición y/o registro","Artículo","Código instritucional","Descripción artículo","Existencia","Unidad","Costo","Valor"]
[]
[]
[]
[]
["2021-12-28","MADERA ( 3 )","ESTA","ESTANTE DE 13 P. MAD. DURA",21,"UND",406.58375999999998,{"$f":"+G76*E76","v":8538.2589599999992}]
["2018-01-22","MADERA ( 3 )","F1X3X12","FAJILLAS 1X3X12",957.33,"DOCENA",2400,{"$f":"+G77*E77","v":2297592}]
["2021-12-28","MADERA ( 3 )","VARFIN-ASC","VARAS FINA DE ASCASIA",15,"DOCENA",1740,26100]
["2022-01-31","MADERA ( 3 )","ZA 29","ZINC ACANALADO C.29 12P",339,"UND",975,330525]
["2022-05-31","OTROS ( 5 )","VA20P","VARAS DE ACACIA 20P",21746,"UND",200,4349200]
["TOTAL",null,null,null,null,null,null,{"$f":"SUM(H76:H80)","v":7011955.2589599993}]